书目信息 |
| 题名: |
十日谈
|
|
| 作者: | 卜伽丘 著 ;毛荣贵 , 张大群 , 瞿贞 译注 | |
| 分册: | ||
| 出版信息: | 北京 航空工业出版社 2007.08 |
|
| 页数: | 301页 | |
| 开本: | 21cm | |
| 丛书名: | 5000词床头灯英语学习读本 | |
| 单 册: | ||
| 中图分类: | H319.4:I | |
| 科图分类: | ||
| 主题词: | 英语--ying yu--语言读物 , 长篇小说--chang pian xiao shuo--意大利--中世纪 | |
| 电子资源: | ||
| ISBN: | 978-7-80183-972-5 | |
| 000 | 01271nam 2200313 450 | |
| 001 | 012007099406 | |
| 005 | 20071205112655.26 | |
| 010 | @a978-7-80183-972-5@dCNY15.80 | |
| 100 | @a20071205d2007 km y0chi0120 ea | |
| 101 | 2 | @achi@aeng@ceng |
| 102 | @aCN@b110000 | |
| 105 | @ay z 000ay | |
| 106 | @ar | |
| 200 | 1 | @a十日谈@Ashi ri tan@d= The decameron@f(意) 乔万尼·卜伽丘著@F(yi)qiao wan ni·bo jia qiu zhu@g毛荣贵, 张大群, 瞿贞译注@Gmao rong gui,zhang da qun,qu zhen yi zhu@zeng |
| 210 | @a北京@c航空工业出版社@d2007.08 | |
| 215 | @a301页@d21cm | |
| 225 | 2 | @a5000词床头灯英语学习读本@A5000 ci chuang tou deng ying yu xue xi du ben |
| 330 | @a《十日谈》是一部短片小说集,它是意大利文艺复兴时期最早的代表作家卜伽丘对后世影响最大的作品,是欧洲近代文学史上第一部现实主义作品。小说文笔精炼,语言生动。 | |
| 410 | 0 | @12001 @a5000词床头灯英语学习读本 |
| 510 | 1 | @aDecameron@zeng |
| 606 | 0 | @a英语@Aying yu@j语言读物 |
| 606 | 0 | @a长篇小说@Achang pian xiao shuo@y意大利@z中世纪 |
| 690 | @aH319.4:I@v4 | |
| 701 | 1 | @a卜伽丘@Abo jia qiu@g(Boccaccio, Givoanni)@4著 |
| 702 | 0 | @a毛荣贵@Amao rong gui@4译注 |
| 702 | 0 | @a张大群@Azhang da qun@4译注 |
| 702 | 0 | @a瞿贞@Aqu zhen@4译注 |
| 801 | 0 | @aCN@bQSSK@c20071205 |
| 905 | @b271023-25@dH319.4:I@eB971@f3 | |
| 十日谈= The decameron/(意) 乔万尼·卜伽丘著/毛荣贵, 张大群, 瞿贞译注.-北京:航空工业出版社,2007.08 |
| 301页;21cm.-(5000词床头灯英语学习读本) |
| ISBN 978-7-80183-972-5:CNY15.80 |
| 《十日谈》是一部短片小说集,它是意大利文艺复兴时期最早的代表作家卜伽丘对后世影响最大的作品,是欧洲近代文学史上第一部现实主义作品。小说文笔精炼,语言生动。 |
| ● |
| 相关链接 |
|
|
|
正题名:十日谈
索取号:H319.4:I/B971
 
预约/预借
| 序号 | 登录号 | 条形码 | 馆藏地/架位号 | 状态 | 备注 |
| 1 | 271023 | 202710236 | 语言库209/209语言库 22排2列4层/ [索取号:H319.4:I/B971] | 在馆 | |
| 2 | 271024 | 202710245 | 语言库209/209语言库 22排2列4层/ [索取号:H319.4:I/B971] | 在馆 | |
| 3 | 271025 | 202710254 | 语言库209/209语言库 22排2列4层/ [索取号:H319.4:I/B971] | 在馆 |